हिस्टोरियोग्राफी, रिलीजन अँड इन मेडिवल इंडिया (Record no. 1222146)

MARC details
000 -LEADER
fixed length control field 00541nam a2200169Ia 4500
008 - FIXED-LENGTH DATA ELEMENTS--GENERAL INFORMATION
fixed length control field 260520s2023 xx 000 0 und d
020 ## - INTERNATIONAL STANDARD BOOK NUMBER
International Standard Book Number 9789390469284
041 ## - LANGUAGE CODE
Language code of text/sound track or separate title mar
082 ## - DEWEY DECIMAL CLASSIFICATION NUMBER
Classification number 954.02/CHA
100 ## - MAIN ENTRY--PERSONAL NAME
Personal name चंद्र, सतीश
245 ## - TITLE STATEMENT
Title हिस्टोरियोग्राफी, रिलीजन अँड इन मेडिवल इंडिया
250 ## - EDITION STATEMENT
Edition statement 1st ed
260 ## - PUBLICATION, DISTRIBUTION, ETC.
Place of publication, distribution, etc. पुणे
Name of publisher, distributor, etc. चेतक बुक्स ,
Date of publication, distribution, etc. 2023
300 ## - PHYSICAL DESCRIPTION
Extent 208p.
500 ## - GENERAL NOTE
General note Cat No: 14885
650 ## - SUBJECT ADDED ENTRY--TOPICAL TERM
Topical term or geographic name entry element HISTORY
Holdings
Withdrawn status Lost status Damaged status Not for loan Collection Home library Current library Shelving location Date acquired Source of acquisition Cost, normal purchase price Total Checkouts Full call number Barcode Date last seen Price effective from Koha item type Public note
          Dr.Patangrao Kadam Mahavidyalaya, Sangli Dr.Patangrao Kadam Mahavidyalaya, Sangli   06/06/2025 Chetak Books, Pune 325.00   954.02/CHA PKS-24670 27/05/2026 27/05/2026 Book General book section